000 00346nam a22001457a 4500
008 230210b ||||| |||| 00| 0 eng d
020 _a9789951550543
041 _aSHQIP
080 _a070
082 _a070SAB
100 _a18
101 _aMEDIA
245 _aMEDIET,ETIKA.RAPORTIMET PER SITUATAT E NDJESHME
_cSABEDINI .M
942 _2udc
_cBK
999 _c59350
_d59350